Historia de la pintura española
Сохранить в:
| Главный автор: | |
|---|---|
| Формат: | |
| Язык: | испанский |
| Опубликовано: |
Madrid
Espasa-Calpe
1947
|
| Редактирование: | 3a. ed |
| Предметы: | |
| Метки: |
Добавить метку
Нет меток, Требуется 1-ая метка записи!
|
MARC
| LEADER | 00000nam a2200000 a 4500 | ||
|---|---|---|---|
| 001 | UCY9146 | ||
| 003 | CL-VaPUC | ||
| 008 | 950713e19470000SP |||||||||||||||||spa|d | ||
| 082 | 0 | 4 | |a 759.6 |b MAY |2 21 |
| 100 | |a Mayer, Augusto L. |e autor |9 380175 | ||
| 245 | 1 | 0 | |a Historia de la pintura española |
| 250 | |a 3a. ed | ||
| 300 | |a 556 p | ||
| 942 | |c BK | ||
| 945 | |d 19950713 00:00:00 |a rbrito | ||
| 260 | |a Madrid |b Espasa-Calpe |c 1947 | ||
| 650 | 0 | |a Pintura española |9 315217 | |
| 650 | 0 | |a Pintores españoles |9 315216 | |
| 650 | 7 | |a HISTORIA DEL ARTE SIGLOS 16-18 |2 CL-VaPUC |9 341172 | |
| 650 | 0 | |a Edad media |9 258041 | |
| 650 | 0 | |a Renacimiento |9 255107 | |
| 583 | |a last modification |c 20160810 05:01:03 |k Rodrigo Vera | ||
| 999 | |c 236277 |d 236275 | ||
| 952 | |0 0 |1 0 |4 0 |6 759_600000000000000_MAY_1947 |7 0 |8 X |9 244304 |a BIBHIS |b BIBHIS |d 2019-11-18 |i 3097161 |o 759.6 MAY 1947 |p 3097161 |r 2024-01-30 |w 2019-11-18 |y BK_X |k HIS | ||